01364 a2200253 4500003000500000005001700005010001600022020001700038040000900055082001600064100002500080245007300105260003100178300003600209505047800245650002200723650003300745700002900778700002600807942001200833999001900845952012300864952012300987Nust20221028114544.0 a 84007475 a0471898317 : cNust00a621.317,DEW1 aDewan, S. B.910160910aPower semiconductor drives /cS.B. Dewan, G.R. Slemon, A. Straughen. aNew York :bWiley,cc1984. axviii, 354 p. :bill. ;c24 cm. aVariable Speed Drive System (Page-1), Separately Excited DC Motors (Page-35), Single-Phase Rectifier with Motor Load (Page-54), Three-Phase Rectifiers With Motor Load (Page-97), Chopper Drives (Page-127), Three-Phase Induction Motor (Page-158), Speed Control by AC Power (Page-184), Speed Control by Slip-Energy Recovery (Page-199), Induction Motor with Voltage-Source (Page-220), Induction Motor with Current-Source Inverter (Page-260), Synchronous Motor Drives(Page-286). 0aElectric driving. 0aPower semiconductors.9657551 aSlemon, Gordon R.9562601 aStraughen, A.9101610 2ddccBK c180138d180138 00102ddc4070aMCSbMCScGENd2016-12-12o621.317,DEWpMCS687r2016-12-08w2016-12-12yBKzAlmirah No.29, Shelf No.2 00102ddc4070aMCSbMCScGENd2016-12-12o621.317,DEWpMCS688r2016-12-08w2016-12-12yBKzAlmirah No.29, Shelf No.2